书目信息 |
| 题名: |
神经元网络时空行为的动力学研究
|
|
| 作者: | 李玉叶 著 | |
| 分册: | ||
| 出版信息: | 北京 电子工业出版社 2021.3 |
|
| 页数: | 180页 | |
| 开本: | 24cm | |
| 丛书名: | ||
| 单 册: | ||
| 中图分类: | Q811.1 | |
| 科图分类: | ||
| 主题词: | 神经元--神经网络--动力学--研究 | |
| 电子资源: | ||
| ISBN: | 978-7-121-33834-2 | |
| 000 | 01156nam0 2200265 45 | |
| 001 | 012001001869 | |
| 005 | 20140912152127.0 | |
| 010 | @a978-7-121-33834-2@dCNY49.00 | |
| 100 | @a20180511d2018 em y0chiy50 ea | |
| 101 | 0 | @achi |
| 102 | @aCN@b110000 | |
| 105 | @aa z 000yy | |
| 106 | @ar | |
| 200 | 1 | @a神经元网络时空行为的动力学研究@Ashen jing yuan wang luo shi kong xing wei de dong li xue yan jiu@b专著@f李玉叶著 |
| 210 | @a北京@c电子工业出版社@d2021.3 | |
| 215 | @a180页@c图@d24cm | |
| 300 | @a并列题名:Dynamic study on spatio-temporal behavior of neural network | |
| 312 | @a封面英文题名:Dynamic study on spatio-temporal behavior of neural network | |
| 330 | @a本书主要研究了网络单元特性对神经元网络时空模式的影响,利用非线性动力学的理论和方法,通过数值模拟分析,揭示了神经元网络单元特性(具有共存行为、现实生物意义、Ⅰ型或Ⅱ型兴奋性的神经元)对网络展现的时空动力学行为的影响。 | |
| 510 | 1 | @aDynamic study on spatio-temporal behavior of neural network@zeng |
| 606 | 0 | @a神经元@x神经网络@x动力学@x研究 |
| 690 | @aQ811.1@v5 | |
| 701 | 0 | @a李玉叶@Ali yu ye@4著 |
| 801 | 0 | @aCN@bBJSDL@c20211011 |
| 905 | @b1337533-6@dQ811.1@e273@f4 | |
| 神经元网络时空行为的动力学研究/李玉叶著.-北京:电子工业出版社,2021.3 |
| 180页:图;24cm |
| 并列题名:Dynamic study on spatio-temporal behavior of neural network |
| ISBN 978-7-121-33834-2:CNY49.00 |
| 本书主要研究了网络单元特性对神经元网络时空模式的影响,利用非线性动力学的理论和方法,通过数值模拟分析,揭示了神经元网络单元特性(具有共存行为、现实生物意义、Ⅰ型或Ⅱ型兴奋性的神经元)对网络展现的时空动力学行为的影响。 |
| ● |
| 相关链接 |
|
|
|
|
正题名:神经元网络时空行为的动力学研究
索取号:Q811.1/273
 
预约/预借
| 序号 | 登录号 | 条形码 | 馆藏地/架位号 | 状态 | 备注 |
| 1 | 1337533 | 213375337 | 第二样本阅览室/ [索取号:Q811.1/273] | 在馆 | |
| 2 | 1337534 | 213375346 | 第三借阅区/ [索取号:Q811.1/273] | 在馆 | |
| 3 | 1337535 | 213375355 | 第三借阅区/ [索取号:Q811.1/273] | 在馆 | |
| 4 | 1337536 | 213375364 | 第三借阅区/ [索取号:Q811.1/273] | 在馆 |